<?xml version="1.0" encoding="UTF-8"?>
<record
    xmlns:xsi="http://www.w3.org/2001/XMLSchema-instance"
    xsi:schemaLocation="http://www.loc.gov/MARC21/slim http://www.loc.gov/standards/marcxml/schema/MARC21slim.xsd"
    xmlns="http://www.loc.gov/MARC21/slim">

  <leader>00723caa a22001692a 4500</leader>
  <controlfield tag="001">  005004</controlfield>
  <controlfield tag="003">  AR-FADEU</controlfield>
  <controlfield tag="008">  311216n########xxu####################dd</controlfield>
  <datafield tag="092" ind1=" " ind2=" ">
    <subfield code="a">415.2</subfield>
    <subfield code="b">P963-8</subfield>
  </datafield>
  <datafield tag="100" ind1=" " ind2=" ">
    <subfield code="a">Rice, Keren</subfield>
  </datafield>
  <datafield tag="245" ind1=" " ind2=" ">
    <subfield code="a">On eliminating resyllabification into onsets</subfield>
  </datafield>
  <datafield tag="300" ind1=" " ind2=" ">
    <subfield code="a">PP. 331-346</subfield>
  </datafield>
  <datafield tag="500" ind1=" " ind2=" ">
    <subfield code="a">En: Proceedings of the eighth west coast conference on formal linguistics 1989 /ed. E. Jane Fee. Stanford : Stanford linguistics association. Center for the study of language and information, 1989</subfield>
  </datafield>
  <datafield tag="546" ind1=" " ind2=" ">
    <subfield code="a">Ingl&#xE9;s</subfield>
  </datafield>
  <datafield tag="942" ind1=" " ind2=" ">
    <subfield code="c">BDGR</subfield>
  </datafield>
  <datafield tag="773" ind1="0" ind2=" ">
    <subfield code="0">10801</subfield>
    <subfield code="9">9776</subfield>
    <subfield code="a"></subfield>
    <subfield code="b"></subfield>
    <subfield code="d">Stanford</subfield>
    <subfield code="o">02922</subfield>
    <subfield code="t">PROCEEDINGS of the eighth west coast conference on formal linguistics 1989</subfield>
    <subfield code="w">(  AR-FADEU)  004979</subfield>
    <subfield code="x"></subfield>
    <subfield code="z">0-937073-45-8</subfield>
  </datafield>
  <datafield tag="999" ind1=" " ind2=" ">
    <subfield code="c">10826</subfield>
    <subfield code="d">10826</subfield>
  </datafield>
</record>
